Estadísticas para Países más cercanos a Liberia

Haz click aquí para intentar la prueba.

Estadísticas generales

  • Esta prueba ha sido intentada 12 veces
  • La puntuación promedio es 16 de 20

Estadísticas de respuestas

kmpaís% Correcto
469Ghana
100%
0Guinea
100%
1811Argelia
89%
997Benín
89%
450Burkina Faso
89%
665Gambia
89%
281Malí
89%
721Mauritania
89%
1203Níger
89%
1118Nigeria
89%
0Sierra Leona
89%
886Togo
89%
1574Cabo Verde
78%
0Côte d'Ivoire
78%
519Guinea-Bissau
78%
1773Guinea Ecuatorial
78%
1620Santo Tomé y Príncipe
78%
452Senegal
78%
1778Camerún
67%
1458Sahara Occidental
0%

Distribución de puntuación

Porcentaje por número respondido

Porcentaje de gente con cada puntuación

Historial de tus puntuaciones

No has intentado esta prueba.